El bosque de los secretos (Registro nro. 33766)

Detalles MARC
000 -CABECERA
Longitud fija campo de control 00831nam a2200277 c 4500
003 - • IDENTIFICADOR DELl NÚMERO DE CONTROL
Identificador del número de control CO-ViMGA
005 - • FECHA Y HORA DE LA ÚLTIMA TRANSACCIÓN
Fecha y hora de la última transacción 20230915232211.0
008 - • CÓDIGOS DE INFORMACIÓN DE LONGITUD FIJA
Códigos de información de longitud fija 121210s2012 sp | |||| 000 1 spa
020 ## - • NÚMERO INTERNACIONAL NORMALIZADO PARA LIBROS
Número Internacional Normalizado para Libros (ISBN) 9788498384840
040 ## - FUENTE DE LA CATALOGACIÓN
Centro catalogador de origen CO-ViMGA
Lengua de catalogación spa
Centro transcriptor CO-ViMGA
041 1# - • CÓDIGO DE LENGUA
Código de lengua original eng
082 04 - • NÚMERO DE LA CLASIFICACIÓN DECIMAL DEWEY
Número de clasificación (R) 823.92
Número del ítem H86b
100 1# - • PUNTO DE ACCESO PRINCIPAL-NOMBRE DE PERSONA
Nombre de persona Hunter, Erin
240 10 - • TÍTULO UNIFORME
Título uniforme <a href="Forest of secrets">Forest of secrets</a>
245 13 - • TITULO PROPIAMENTE DICHO
Título El bosque de los secretos
Mención de responsabilidad, etc. Erin Hunter ; [traducción del inglés de Begoña Hernández Sala]
250 ## - • MENCI&Oacute;N DE EDICI&Oacute;N
Mención de edición 1a. ed.
300 ## - • DESCRIPCI&Oacute;N F&Iacute;SICA
Extensión 285 p.
Dimensiones 22 cm
490 0# - • MENCI&Oacute;N DE SERIE
Mención de serie Los gatos guerreros
Designación de volumen o secuencia 3
490 0# - • MENCI&Oacute;N DE SERIE
Mención de serie Narrativa joven
650 14 - • PUNTO DE ACCESO ADICIONAL DE MATERIA - T&Eacute;RMINO DE MATERIA
Término de materia o nombre geográfico como elemento inicial Literatura inglesa--
Subdivisión cronológica Siglo XXI
650 14 - • PUNTO DE ACCESO ADICIONAL DE MATERIA - T&Eacute;RMINO DE MATERIA
Término de materia o nombre geográfico como elemento inicial Novela inglesa--
Subdivisión cronológica Siglo XXI
700 1# - • PUNTO DE ACCESO ADICIONAL - NOMBRE DE PERSONA
Nombre de persona Hernández Sala, Begoña
942 ## - ENTRADA DE ELEMENTOS AGREGADOS (KOHA)
Fuente de clasificaión o esquema Dewey Decimal Classification
Koha [por defecto] tipo de item LIbro
Existencias
Perdido Fuente de clasificaci&oacute;n o esquema Estado Físico No para pr&eacute;stamo Forma de adquisición Localizaci&oacute;n permanente Localizaci&oacute;n actual Fecha adquisici&oacute;n Pr&eacute;stamos totales Renovaciones totales Signatura completa C&oacute;digo de barras Fecha &uacute;ltima consulta Fecha &uacute;ltimo pr&eacute;stamo N&uacute;mero de copia Fecha del precio de reemplazo Tipo de item de Koha
  Dewey Decimal Classification     Sala General Segundo Piso Biblioteca Pública Germán Arciniegas - Villavicencio Biblioteca Pública Germán Arciniegas - Villavicencio 12/28/2015 4 3 823.92 H86b 29640 03/22/2018 06/28/2017 Ej. 1 12/28/2015 LIbro









Instituto Departamental de Cultura del Meta - Red Departamental de Bibliotecas Públicas del Meta.